| 000 | 01348cam a22003737a 4500 | ||
|---|---|---|---|
| 999 |
_c15661 _d15661 |
||
| 003 | EG-ScBUE | ||
| 005 | 20191202133941.0 | ||
| 006 | m||||fq||h 00| 0 | ||
| 008 | 110704r20112010enka f 000 0 eng d | ||
| 020 | _a9780521128537 | ||
| 020 | _a9780521135474 | ||
| 020 | _a9780521139274 | ||
| 040 |
_aEG-ScBUE _beng _erda _cEG-ScBUE _dEG-ScBUE |
||
| 082 | 0 | 4 |
_a428.24076 _bMAY _222 |
| 100 | 1 |
_aMay, Peter, _d1951 June 11- _eauthor. |
|
| 245 | 1 | 0 |
_aFirst certificate trainer : _bsix practice tests with answers / _cPeter May. |
| 246 | 3 |
_aFirst certificate trainer : _b6 practice tests with answers / |
|
| 250 | _aReprint edition. | ||
| 264 | 1 |
_aCambridge : _bCambridge University Press, _c2011. |
|
| 300 |
_a240, 24 pages : _billustrations ; _c30 cm + _e3 CD. |
||
| 336 |
_2rdacontent _atext _btxt |
||
| 336 |
_2rdacontent _asounds _bsnd |
||
| 337 |
_2rdamedia _aunmediated _bn |
||
| 337 |
_2rdamedia _aaudio _bs |
||
| 338 |
_2rdacarrier _avolume _bnc |
||
| 338 |
_acomputer disc _bcd _2rdacarrier |
||
| 490 | 0 | _aCambridge books for Cambridge exams | |
| 520 | _aSix full practice tests plus easy-to-follow expert guidance and exam tips designed to guarantee exam success. | ||
| 590 | _aMahmoud Sami | ||
| 650 | 7 |
_aEnglish language _xexercise. _2BUEsh _910859 |
|
| 653 |
_cJuly2011 _bHHUUEENN |
||
| 655 | _vReading book | ||
| 942 |
_2ddc _cBB |
||